100 truyện cổ tích Việt Nam chọn lọc
Giới thiệu 100 truyện cổ tích chọn lọc Việt Nam như: Truyện Tấm Cám, Sự tích thành Cổ Loa, Truyện Thạch Sanh,...
שמור ב:
| פורמט: | ספר |
|---|---|
| שפה: | Undetermined |
| יצא לאור: |
Hà Nội
Văn học
2011
|
| נושאים: | |
| תגים: |
הוספת תג
אין תגיות, היה/י הראשונ/ה לתייג את הרשומה!
|
| Thư viện lưu trữ: | Trung tâm Học liệu Trường Đại học Cần Thơ |
|---|
| LEADER | 00769nam a2200193Ia 4500 | ||
|---|---|---|---|
| 001 | CTU_176209 | ||
| 008 | 210402s9999 xx 000 0 und d | ||
| 020 | |c 184000 | ||
| 082 | |a 398.209597 | ||
| 082 | |b M458 | ||
| 245 | 0 | |a 100 truyện cổ tích Việt Nam chọn lọc | |
| 245 | 0 | |c Ngọc Mai tuyển chọn | |
| 260 | |a Hà Nội | ||
| 260 | |b Văn học | ||
| 260 | |c 2011 | ||
| 520 | |a Giới thiệu 100 truyện cổ tích chọn lọc Việt Nam như: Truyện Tấm Cám, Sự tích thành Cổ Loa, Truyện Thạch Sanh,... | ||
| 650 | |a Văn học dân gian Việt Nam,Truyện cổ tích,Folk literature, Vietnamese,Legends | ||
| 904 | |i Năm | ||
| 980 | |a Trung tâm Học liệu Trường Đại học Cần Thơ | ||